<?xml version="1.0" encoding="UTF-8"?>
<collection xmlns="http://www.loc.gov/MARC21/slim">
  <record>
    <leader>00000nam  2200000   4500</leader>
    <controlfield tag="001">INLIS000000000018267</controlfield>
    <controlfield tag="005">20240923014938</controlfield>
    <datafield tag="035" ind1="#" ind2="#">
      <subfield code="a">0010-0924000096</subfield>
    </datafield>
    <controlfield tag="007">ta</controlfield>
    <controlfield tag="008">240923###########################0######</controlfield>
    <datafield tag="245" ind1="#" ind2="#">
      <subfield code="a">KAWAL TRANTIB :</subfield>
      <subfield code="b">Kolaborasi Kewilayahan Ketentraman dan Ketertiban /</subfield>
      <subfield code="c">Andika Musdar, S.IP.,M.SI</subfield>
    </datafield>
    <datafield tag="260" ind1="#" ind2="#">
      <subfield code="a">Makassar :</subfield>
      <subfield code="b">Puslatbang KMP RI LAN Makassar,</subfield>
      <subfield code="c">2024</subfield>
    </datafield>
    <datafield tag="300" ind1="#" ind2="#">
      <subfield code="a">28 ;</subfield>
      <subfield code="c">30</subfield>
    </datafield>
    <datafield tag="700" ind1=" " ind2="#">
      <subfield code="a">Andi Hasbullah, S.TP (Mentor)</subfield>
    </datafield>
    <datafield tag="700" ind1=" " ind2="#">
      <subfield code="a">Zul Chaidir,S.SOS.,M.PA</subfield>
    </datafield>
    <datafield tag="520" ind1="#" ind2="#">
      <subfield code="a">Satpol PP pada hakekatnya memberikan perlindungan kepada masyarakat,: sehingga dapat terwujud rasa tenteram dan tertib di tengah-tengah masyarakat.Secara teknis, agar intruksi dalam Undang-Undang Nomor 23 Tahun 2014 dapat diaplikasikan pada tataran pelaksanaan.&#13;
Maka dibuatlah aturan pelaksanaannya, berupa Peraturan Pemerintah Nomor 16 Tahun 2018 tentang Satuan Polisi Pamong Praja terutama pada pasal 5, yang menjabarkan tugas Satpol PP yakni menegakkan Perda dan Perkada, menyelenggarakan ketertiban umum dan ketenteraman masyarakat serta menyelenggarakan pelindungan masyarakat. Pemerintah Pusat dalam hal ini Kementerian Dalam Negeri melakukan pembinaan dan pengawasan terhadap penyelenggaraan Urusan Pemerintah oleh Daerah. Pemerintah Daerah wajib melakukan pembinaan teknis operasional, sebagaimana tertuang dalam Peraturan Pemerintah Nomor 16 Tahun 2018 pada pasal 21 menyebutkan bahwa Pemerintah Daerah wajib memenuhi hak pegawai negeri sipil Satpol PP, menyediakan sarana dan prasarana minimal Satpol pp dan melakukan pembinaan teknis opersional.</subfield>
    </datafield>
    <datafield tag="600" ind1="#" ind2="4">
      <subfield code="a">Peningkatan Kinerja</subfield>
    </datafield>
    <datafield tag="856" ind1="#" ind2="#">
      <subfield code="a">PUSLATBANG KMP LAN RI Makassar</subfield>
    </datafield>
  </record>
</collection>
